000 00489nam a2200181Ia 4500
001 11174
005 20260306161927.0
008 260306t1998||||xx |||||||||||||| ||spa||
041 _aESP
082 _a985.01
_bR84 1998
100 _aRostworowski de Diez Canseco, María
_eAUT
245 0 _aEnsayos de historia andina II:
_bPampas de Nasca, género, hechicería
260 _c1998
300 _a248 páginas :
_c24 cm.
650 _aGEN
654 _aCHU
942 _cLIB
_dJUS
_fJUS
_2ddc
_n
999 _c11174
_d11174